Online
Catalog

Góngoras Warnrede im Zeichen der Hekate : (Record no. 1286)

MARC details
000 -CABECERA
campo de control de longitud fija 00846cam a2200217 a 4500
001 - NÚMERO DE CONTROL
campo de control 000001359
005 - FECHA Y HORA DE LA ÚLTIMA TRANSACCIÓN
campo de control 20200929145544.0
008 - DATOS DE LONGITUD FIJA--INFORMACIÓN GENERAL
campo de control de longitud fija 730815s1964 gw 000 0 ger d
040 ## - FUENTE DE LA CATALOGACIÓN
Centro catalogador/agencia de origen DO-SdBNP
Lengua de catalogación spa
Centro/agencia transcriptor BNPHU
082 ## - NÚMERO DE LA CLASIFICACIÓN DECIMAL DEWEY
Número de clasificación xxx
Número de documento/Ítem G389g
100 1# - ENTRADA PRINCIPAL--NOMBRE DE PERSONA
Nombre de persona Geske, Rudolf,
Fechas asociadas al nombre 1916-1960.
9 (RLIN) 4555
245 10 - MENCIÓN DE TÍTULO
Título Góngoras Warnrede im Zeichen der Hekate :
Resto del título ein deutungsversuch zu den versen 366-502 der soledad primera /
Mención de responsabilidad, etc. Rudolf Geske ; prólogo Walter Pabst.
260 ## - PUBLICACIÓN, DISTRIBUCIÓN, ETC.
Lugar de publicación, distribución, etc. Berlin :
Nombre del editor, distribuidor, etc. Colloquium Verlag,
Fecha de publicación, distribución, etc. 1964.
300 ## - DESCRIPCIÓN FÍSICA
Extensión 134 p. ;
Dimensiones 21 cm.
490 0# - MENCIÓN DE SERIE
Mención de serie Bibliotheca Ibero-Americana
Designación de volumen o secuencia 5
504 ## - NOTA DE BIBLIOGRAFÍA, ETC.
Nota de bibliografía, etc. Referencias bibliográficas p. 112-134.
600 20 - PUNTO DE ACCESO ADICIONAL DE MATERIA--NOMBRE DE PERSONA
Nombre de persona Gongora y Argote, Luis de,
Fechas asociadas al nombre 1561-1627.
Título de la obra Soledades.
9 (RLIN) 4556
700 1# - PUNTO DE ACCESO ADICIONAL--NOMBRE DE PERSONA
Nombre de persona Pabst, Walter,
Término indicativo de función/relación pról.
9 (RLIN) 4557
830 #0 - PUNTO DE ACCESO ADICIONAL DE SERIE-TÍTULO UNIFORME
Título uniforme Bibliotheca Ibero-Americana
Número de parte o sección de la obra 5
9 (RLIN) 4558
830 #0 - PUNTO DE ACCESO ADICIONAL DE SERIE-TÍTULO UNIFORME
Título uniforme Bibliotheca Ibero-Americana,
Designación de volumen o secuencia 5
9 (RLIN) 4559
Holdings
Estado de retiro Estado de pérdida Restricciones de uso No para préstamo Código de colección Localización permanente Ubicación/localización actual Ubicación en estantería Fecha de adquisición Número de inventario Total de préstamos Signatura topográfica completa Código de barras Fecha visto por última vez Precio válido a partir de Tipo de ítem Koha
    Préstamo interno Préstamo restrigido Monografías: Libros y Folletos General General En encuadernación 22.09.2009 LF1   xxx G389g 1359-10 25.06.2020 25.06.2020 Préstamo interno

Powered by Koha